000
00339nam a22001457a 4500
008
230517b ||||| |||| 00| 0 eng d
020
_a
0829904034
041
_a
eng
080
_2
THIRD EDITION
_a
7
082
_a
7PIC
100
_a
20
101
_a
ART
245
_a
THEATRE A CONTEMPORARY INTRODUCTION
_c
PICKERING.V.J
942
_2
udc
_c
BK
999
_c
59766
_d
59766